Bilecik Bilecik Bilecik Bilecik Bilecik

Histoloji: konu anlatımı ve atlas: ilişkili hücre biyolojisi ve moleküler biyoloji ile/ (Record no. 68372)

MARC details
000 -BAŞLIK
Sabit Uzunluktaki Kontrol Alanı 01204nam a22003737a 4500
001 - KONTROL NUMARASI
Control Dosyası 0067801
003 - KONTROL NUMARASI KİMLİĞİ
Kontrol Alanı KOHA_MİRAKIL
005 - EN SON İŞLEM TARİHİ ve ZAMANI
Kontrol Alanı 20260207004726.0
007 - FİZİKSEL TANIM SABİT ALAN - GENEL BİLGİ
Sabit uzunluklu kontrol alanı ta
008 - SABİT UZUNLUKTAKİ VERİ ÖGELERİ - GENEL BİLGİ
Sabit Alan 221123b2013 tu |||gr||||#0|||0|tur |
020 ## - ISBN - ULUSLARARASI STANDART KİTAP NUMARASI
Isbn 9786053552239
040 ## - KATALOGLAMA KAYNAĞI
Özgün Kataloglama Kurumu TR-BiSEU
Kataloglama Dili tur
Çeviri Kurumu TR-BiSEU
Açıklama Kuralları rda
041 0# - DİL KODU
Metin ya da ses kaydının dil kodu tur
044 ## - YAYINLAYAN/ÜRETEN KURULUŞUN ÜLKE KODU
ISO country code tu
050 ## - SINIFLAMA ve YER NUMARASI
Sınıflama Numarası QM551
Yer Numarası .R67 2013
100 1# - KİŞİ ADI
Yazar Adı (Kişi adı) Ross, Michael H..
245 1# - ESER ADI BİLDİRİMİ
Başlık Histoloji: konu anlatımı ve atlas: ilişkili hücre biyolojisi ve moleküler biyoloji ile/
Sorumluluk Bildirimi Michael H. Ross ; Michael H. Ross, Wojciech Pawlina; çeviri editörü Barış Baykal.
250 ## - BASIM BİLDİRİMİ
Basım Bildirimi 6. Baskı
264 #1 - ÜRERİM, YAYIN, DAĞITIM ve TELİF BİLDİRİMİ
Yayın yeri Ankara :
Yayınlayan Palme Yayınları
Yayın tarihi 2013
300 ## - FİZİKSEL TANIMLAMA
Sayfa, Cilt vb. XX, 972 sayfa: resimli; 27 cm
336 ## - İÇERİK TÜRÜ
Content type term metin
Content type code txt
Source rdacontent
337 ## - MEDYA TÜRÜ
Media type term aracısız
Media type code n
Source rdamedia
338 ## - TAŞIYICI TÜRÜ
Carrier type term cilt
Carrier type code nc
Source rdacarrier
490 1# - DİZİ BİLDİRİMİ
Dizi Bildirimi Palme yayınları ;
Cilt Numarası 842
500 ## - GENEL NOT
Genel Not Özgün eser adı: Histology: a text and atlas 6/E
500 ## - GENEL NOT
Genel Not Dizin var.
650 #0 - KONU BAŞLIĞI EK GİRİŞ - KONU TERİMİ
Konusal terim veya coğrafi ad Histoloji.
9 (RLIN) 2327
650 #0 - KONU BAŞLIĞI EK GİRİŞ - KONU TERİMİ
Konusal terim veya coğrafi ad Histology.
9 (RLIN) 50428
650 #0 - KONU BAŞLIĞI EK GİRİŞ - KONU TERİMİ
Konusal terim veya coğrafi ad Histoloji--Atlaslar.
9 (RLIN) 77457
650 #0 - KONU BAŞLIĞI EK GİRİŞ - KONU TERİMİ
Konusal terim veya coğrafi ad Histology--Atlases.
9 (RLIN) 77865
830 1# - SERİ EK GİRİŞİ - TEKBİÇİM ESER ADI
Tekbiçim Başlık Palme yayınları ;
Volume number/sequential designation 842
9 (RLIN) 2910
907 ## - LOCAL DATA ELEMENT G, LDG (RLIN)
a Tıp
942 ## - EK GİRİŞ ÖGELERİ (KOHA)
Source of classification or shelving scheme Library of Congress Classification
Koha item type Book
Holdings
Materyal Türü Kalıcı Konum Mevcut Konum Sınıflandırma Kaynağı Edinim Bilgisi Ana Konular Alt Konular Yer Numarası Demirbaş Numarası Fatura Tarihi Geri Çekilme Durumu Kayıp Durumu Hasarlı Durumu Kredi için değil Kayıt Tarih Toplam Ödünçverme Son Görülme Tarihi Son Kontrol Tarihi
Book BŞEÜ Tıp Fakültesi Kütüphanesi BŞEÜ Tıp Fakültesi Kütüphanesi Library of Congress Classification Satın BİLİM İnsan Anatomisi QM551 .R67 2013 0067801 02/02/2026       Ödünç verilmez 23/11/2022   05/05/2025 05/05/2025